Personal strategies for managing stress / (Record no. 522501)

000 -LEADER
fixed length control field 01241cam a22003254a 4500
001 - CONTROL NUMBER
control field 4048956
003 - CONTROL NUMBER IDENTIFIER
control field NUST
005 - DATE AND TIME OF LATEST TRANSACTION
control field 20181030104057.0
008 - FIXED-LENGTH DATA ELEMENTS--GENERAL INFORMATION
fixed length control field 990510s1999 nyua b 001 0 eng
010 ## - LIBRARY OF CONGRESS CONTROL NUMBER
LC control number 99028520
038 ## - RECORD CONTENT LICENSOR
Staff Name Arshad
040 ## - CATALOGING SOURCE
Original cataloging agency DLC
Transcribing agency DLC
Modifying agency DLC
042 ## - AUTHENTICATION CODE
Authentication code pcc
050 00 - LIBRARY OF CONGRESS CALL NUMBER
Classification number HF5549.5.P37
Item number S38 1999
082 00 - DEWEY DECIMAL CLASSIFICATION NUMBER
Classification number 650.019
Author Mark OLL
100 1# - MAIN ENTRY--PERSONAL NAME
Personal name Schwartz, Andrew E.
9 (RLIN) 12372
245 10 - TITLE STATEMENT
Title Personal strategies for managing stress /
Statement of responsibility, etc. Andrew E. Schwartz ; illustrated by Deborah Zemke.
250 ## - EDITION STATEMENT
Edition statement 2nd
260 ## - PUBLICATION, DISTRIBUTION, ETC.
Place of publication, distribution, etc. Hauppauge, NY :
Name of publisher, distributor, etc. Barron's Educational Series,
Date of publication, distribution, etc. 1999.
300 ## - PHYSICAL DESCRIPTION
Extent ix, 129 p.155 :
Other physical details ill. ;
Dimensions 20 cm.
440 #0 - SERIES STATEMENT/ADDED ENTRY--TITLE
Title Business success guide
9 (RLIN) 12373
504 ## - BIBLIOGRAPHY, ETC. NOTE
Bibliography, etc. note Includes bibliographical references (p. 121-125) and index.
650 #0 - SUBJECT ADDED ENTRY--TOPICAL TERM
Topical term or geographic name entry element Performance technology
General subdivision Management.
9 (RLIN) 12374
650 #0 - SUBJECT ADDED ENTRY--TOPICAL TERM
Topical term or geographic name entry element Achievement motivation.
9 (RLIN) 12375
650 #0 - SUBJECT ADDED ENTRY--TOPICAL TERM
Topical term or geographic name entry element Employees
General subdivision Rating of.
9 (RLIN) 12376
650 #0 - SUBJECT ADDED ENTRY--TOPICAL TERM
Topical term or geographic name entry element Organizational effectiveness.
9 (RLIN) 4213
906 ## - LOCAL DATA ELEMENT F, LDF (RLIN)
a 7
b cbc
c orignew
d 1
e ocip
f 19
g y-gencatlg
942 ## - ADDED ENTRY ELEMENTS (KOHA)
Source of classification or shelving scheme
Koha item type Book
Holdings
Withdrawn status Lost status Source of classification or shelving scheme Damaged status Not for loan Collection code Permanent Location Current Location Shelving location Date acquired Total Checkouts Full call number Barcode Date last seen Copy number Price effective from Koha item type
            Central Library (CL) Central Library (CL) Book Cart 10/30/2018   650.019 OLL CL-D-42 10/30/2018 1 10/30/2018 Book
© 2023 Central Library, National University of Sciences and Technology. All Rights Reserved.